[Event "Buenos Aires PDV Cup 1st"]
[Site "Buenos Aires"]
[Date "2008.12.02"]
[Round "3"]
[White "Tristan, Leonardo"]
[Black "Sanchez, Fernando"]
[Result "1-0"]
[WhiteElo "2393"]
[BlackElo "2208"]
[PlyCount "53"]
[EventDate "2008.11.30"]
[EventType "swiss"]
[EventRounds "9"]
[EventCountry "ARG"]
[SourceTitle "CBM 127 Extra"]
[Source "ChessBase"]
[SourceDate "2009.01.08"]
[SourceVersion "2"]
[SourceVersionDate "2009.01.28"]
[SourceQuality "1"]

1. e4 d5 2. exd5 Qxd5 3. Nc3 Qa5 4. d4 Nf6 5. Nf3 Bf5 6. Bc4 c6 7. Bd2 e6 8. Nd5 Qd8 9. Nxf6+ Qxf6 10. Qe2 Bg4 11. d5 Bxf3 12. gxf3 cxd5 13. Bxd5 Nd7 14. 0-0-0 0-0-0 15. Be4 Qe5 16. Kb1 Qc7 17. Bc3 f6 18. f4 Bc5 19. Qc4 Bxf2 20. Qxe6 Rhe8 21. Qd5 g6 22. Bg2 Nc5 23. Qf3 Ne4 24. Qh3+ Kb8 25. Rxd8+ Qxd8 26. Bxe4 Rxe4 27. Qf3 1-0

[Event "ARG-chT"]
[Site "Villa Martelli"]
[Date "2008.09.27"]
[Round "8"]
[White "Sanchez, Fernando"]
[Black "Aguila, Gustavo"]
[Result "1/2-1/2"]
[WhiteElo "2220"]
[BlackElo "2253"]
[PlyCount "31"]
[EventDate "2008.08.09"]
[EventType "tourn"]
[EventRounds "9"]
[EventCountry "ARG"]
[SourceTitle "EXT 2009"]
[Source "ChessBase"]
[SourceDate "2008.11.26"]
[SourceVersion "1"]
[SourceVersionDate "2008.11.26"]
[SourceQuality "1"]

1. e4 c5 2. d4 cxd4 3. c3 d5 4. exd5 Nf6 5. cxd4 g6 6. Nc3 Bg7 7. Bc4 Nbd7 8. Bb3 Nb6 9. Qf3 0-0 10. h3 a5 11. a4 Qd6 12. Nb5 Qd7 13. d6 exd6 14. Ne2 d5 15. Bf4 Nc4 16. 0-0 1/2-1/2

[Event "ARG-chT"]
[Site "Villa Martelli"]
[Date "2008.09.20"]
[Round "7"]
[White "Fiori, Hector Dionisio"]
[Black "Sanchez, Fernando"]
[Result "1-0"]
[WhiteElo "2117"]
[BlackElo "2220"]
[PlyCount "85"]
[EventDate "2008.08.09"]
[EventType "tourn"]
[EventRounds "9"]
[EventCountry "ARG"]
[SourceTitle "EXT 2009"]
[Source "ChessBase"]
[SourceDate "2008.11.26"]
[SourceVersion "1"]
[SourceVersionDate "2008.11.26"]
[SourceQuality "1"]

1. e4 d5 2. exd5 Qxd5 3. Nc3 Qa5 4. d4 Nf6 5. Bc4 Bf5 6. Nf3 c6 7. Bd2 e6 8. Nd5 Qd8 9. Nxf6+ Qxf6 10. c3 Bg4 11. Qb3 Bxf3 12. Qxb7 Bxg2 13. Qxa8 Bd6 14. Rg1 Bf3 15. Qb7 0-0 16. Bg5 Qf5 17. Bh6 Qe4+ 18. Kf1 Bg4 19. Rxg4 Qxg4 20. Be3 Bxh2 21. Ke1 Bf4 22. Kd2 a5 23. Be2 Qf5 24. Rg1 e5 25. Qc7 a4 26. Qa5 Nd7 27. Qxa4 Nf6 28. Qc2 Ne4+ 29. Kd1 Bxe3 30. fxe3 exd4 31. exd4 Qf4 32. Rf1 Qe3 33. Bd3 Re8 34. Bxe4 Rxe4 35. Qf2 Qd3+ 36. Kc1 f5 37. Rd1 Qb5 38. Re1 Qd3 39. Re2 Qb5 40. Rd2 f4 41. b3 Qf5 42. Qf1 g5 43. Qc4+ 1-0

[Event "ARG-chT"]
[Site "Villa Martelli"]
[Date "2008.09.13"]
[Round "6"]
[White "Sanchez, Fernando"]
[Black "Altieri, Alejandro"]
[Result "1-0"]
[WhiteElo "2220"]
[BlackElo "2107"]
[PlyCount "47"]
[EventDate "2008.08.09"]
[EventType "tourn"]
[EventRounds "9"]
[EventCountry "ARG"]
[SourceTitle "EXT 2009"]
[Source "ChessBase"]
[SourceDate "2008.11.26"]
[SourceVersion "1"]
[SourceVersionDate "2008.11.26"]
[SourceQuality "1"]

1. e4 e5 2. Nf3 Nf6 3. d4 Nxe4 4. Qe2 d5 5. Nxe5 Be7 6. Nd2 Nd6 7. g3 Be6 8. Bg2 c6 9. 0-0 Nd7 10. Re1 0-0 11. Nf1 Nxe5 12. dxe5 Nc4 13. b3 Nxe5 14. Bb2 Ng4 15. Bh3 h5 16. f3 Bc5+ 17. Kg2 Qd7 18. fxg4 hxg4 19. Qe5 gxh3+ 20. Kh1 d4 21. Qxc5 Bd5+ 22. Kg1 Qf5 23. Qxd4 f6 24. Qf2 1-0

[Event "Passos"]
[Site "Passos"]
[Date "2007.01.26"]
[Round "9"]
[White "Sanchez, Fernando"]
[Black "Santos Neto, Francisco Jose"]
[Result "1/2-1/2"]
[WhiteElo "2251"]
[BlackElo "2207"]
[PlyCount "20"]
[EventDate "2007.01.21"]
[EventType "tourn"]
[EventRounds "9"]
[EventCountry "BRA"]
[EventCategory "3"]
[SourceTitle "CBM 116 Extra"]
[Source "ChessBase"]
[SourceDate "2007.03.07"]
[SourceVersion "1"]
[SourceVersionDate "2007.03.07"]
[SourceQuality "1"]

1. e4 e6 2. d4 d5 3. e5 c5 4. c3 cxd4 5. cxd4 Nc6 6. Nf3 Qb6 7. a3 Nge7 8. b4 Nf5 9. Bb2 h5 10. Be2 Bd7 1/2-1/2

[Event "Passos"]
[Site "Passos"]
[Date "2007.01.25"]
[Round "7"]
[White "Sanchez, Fernando"]
[Black "Batista, Gerson Peres"]
[Result "1/2-1/2"]
[WhiteElo "2251"]
[BlackElo "2212"]
[PlyCount "55"]
[EventDate "2007.01.21"]
[EventType "tourn"]
[EventRounds "9"]
[EventCountry "BRA"]
[EventCategory "3"]
[SourceTitle "CBM 116 Extra"]
[Source "ChessBase"]
[SourceDate "2007.03.07"]
[SourceVersion "1"]
[SourceVersionDate "2007.03.07"]
[SourceQuality "1"]

1. e4 e5 2. Nf3 Nc6 3. d4 exd4 4. c3 d5 5. exd5 Qxd5 6. cxd4 Bg4 7. Be2 Bb4+ 8. Nc3 Bxf3 9. Bxf3 Qc4 10. Qb3 Qxb3 11. Bxc6+ bxc6 12. axb3 Nf6 13. 0-0 a5 14. Be3 Kd7 15. Ra4 Rhb8 16. Na2 Bd6 17. Nc1 Rb5 18. Rd1 Nd5 19. Bd2 Kc8 20. g3 Kb7 21. Kf1 Kb6 22. Ke2 Bb4 23. Bxb4 Nxb4 24. Nd3 Re8+ 25. Kf1 Rd8 26. Nc5 Nc2 27. Rc4 Nb4 28. Re1 1/2-1/2

[Event "Passos"]
[Site "Passos"]
[Date "2007.01.23"]
[Round "5"]
[White "Sanchez, Fernando"]
[Black "Alonso, Salvador"]
[Result "1/2-1/2"]
[WhiteElo "2251"]
[BlackElo "2419"]
[PlyCount "30"]
[EventDate "2007.01.21"]
[EventType "tourn"]
[EventRounds "9"]
[EventCountry "BRA"]
[EventCategory "3"]
[SourceTitle "CBM 116 Extra"]
[Source "ChessBase"]
[SourceDate "2007.03.07"]
[SourceVersion "1"]
[SourceVersionDate "2007.03.07"]
[SourceQuality "1"]

1. e4 c5 2. Nc3 e6 3. g3 d5 4. d3 d4 5. Nce2 e5 6. f4 f6 7. Nf3 Nc6 8. Bg2 Be7 9. 0-0 Be6 10. c4 Qd7 11. f5 Bf7 12. g4 0-0-0 13. Ng3 h6 14. Qe2 Bd6 15. Bd2 Nge7 1/2-1/2

[Event "Passos"]
[Site "Passos"]
[Date "2007.01.22"]
[Round "3"]
[White "Sanchez, Fernando"]
[Black "Cubas, Jose Fernando"]
[Result "0-1"]
[WhiteElo "2251"]
[BlackElo "2414"]
[PlyCount "64"]
[EventDate "2007.01.21"]
[EventType "tourn"]
[EventRounds "9"]
[EventCountry "BRA"]
[EventCategory "3"]
[SourceTitle "CBM 116 Extra"]
[Source "ChessBase"]
[SourceDate "2007.03.07"]
[SourceVersion "1"]
[SourceVersionDate "2007.03.07"]
[SourceQuality "1"]

1. e4 e6 2. d4 d5 3. e5 c5 4. c3 Qb6 5. a3 Nc6 6. Nf3 Bd7 7. b4 cxd4 8. cxd4 Rc8 9. Be3 Nh6 10. Nbd2 Ne7 11. Rc1 a5 12. b5 Ng4 13. Rxc8+ Nxc8 14. Qb3 Qc7 15. Nb1 Nxe3 16. Qxe3 Qc2 17. Bd3 Qb3 18. Qe2 Bxa3 19. Nxa3 Qxa3 20. 0-0 h6 21. Ne1 Na7 22. b6 Nc6 23. Nf3 Nb4 24. Bb5 Bxb5 25. Qxb5+ Nc6 26. h3 0-0 27. Rb1 a4 28. Qf1 Ra8 29. Qd1 Qc3 30. Rc1 Qa5 31. Ra1 a3 32. Qb3 Ra6 0-1

[Event "Passos"]
[Site "Passos"]
[Date "2007.01.21"]
[Round "1"]
[White "Sanchez, Fernando"]
[Black "Gazel Pereira, Frederico"]
[Result "1-0"]
[WhiteElo "2251"]
[BlackElo "2190"]
[PlyCount "103"]
[EventDate "2007.01.21"]
[EventType "tourn"]
[EventRounds "9"]
[EventCountry "BRA"]
[EventCategory "3"]
[SourceTitle "CBM 116 Extra"]
[Source "ChessBase"]
[SourceDate "2007.03.07"]
[SourceVersion "1"]
[SourceVersionDate "2007.03.07"]
[SourceQuality "1"]

1. e4 d5 2. exd5 Qxd5 3. Nc3 Qa5 4. d4 Nf6 5. Bc4 c6 6. Qe2 Bf5 7. Bd2 e6 8. Nd5 Qd8 9. Nxf6+ Qxf6 10. 0-0-0 Qg6 11. Nf3 Bxc2 12. Rde1 Nd7 13. h4 h5 14. Ng5 Bf5 15. f3 Nb6 16. g4 Bb1 17. Bb3 Bd3 18. Qd1 Nd5 19. Bxd5 cxd5 20. Qa4+ Ke7 21. Qb4+ Kd8 22. Qxb7 Rc8+ 23. Bc3 Rc7 24. Qb3 Bd6 25. Qb8+ Kd7 26. Qxh8 Bf4+ 27. Kd1 Qf6 28. Qxh5 Bg6 29. Qh8 Rc8 30. Nh7 Rxh8 31. Nxf6+ gxf6 32. Ke2 f5 33. h5 Bh7 34. Bd2 Bd6 35. g5 Rg8 36. f4 Rb8 37. b3 Ba3 38. Kd3 Rc8 39. Rb1 Bd6 40. Rbc1 Rh8 41. b4 Rb8 42. Rb1 Rc8 43. a4 Bg8 44. Rbc1 Rb8 45. b5 Bc7 46. Rc6 Rb7 47. Rhc1 Bh7 48. Ke3 Bg8 49. Bb4 Bh7 50. Bc5 Bg8 51. Ra6 Bb8 52. Rb1 1-0

[Event "Villa Ballester LV op"]
[Site "Villa Ballester"]
[Date "2005.01.11"]
[Round "5"]
[White "Sanchez, Fernando"]
[Black "Brunetti, Fernando"]
[Result "1-0"]
[WhiteElo "2275"]
[BlackElo "1865"]
[PlyCount "53"]
[EventDate "2005.01.05"]
[EventType "swiss"]
[EventRounds "9"]
[EventCountry "ARG"]
[SourceTitle "CBM 104 Extra"]
[Source "ChessBase"]
[SourceDate "2005.03.01"]
[SourceVersion "1"]
[SourceVersionDate "2005.03.01"]
[SourceQuality "1"]

1. e4 c5 2. d4 cxd4 3. c3 d3 4. Bxd3 Nc6 5. c4 Nf6 6. Nc3 g6 7. f4 d6 8. Nf3 Bg4 9. Be3 Bg7 10. Rc1 0-0 11. 0-0 Nd7 12. Bb1 Rc8 13. Qd2 Bxf3 14. gxf3 Qa5 15. Kh1 Kh8 16. Rg1 Nc5 17. Qf2 Ne6 18. f5 Nc5 19. Qh4 Ne5 20. Rg3 Nxc4 21. Bg5 Nxb2 22. Bxe7 Ncd3 23. f6 Rfe8 24. fxg7+ Kg8 25. e5 Rxe7 26. Qxe7 Nxc1 27. e6 1-0

[Event "Villa Ballester LV op"]
[Site "Villa Ballester"]
[Date "2005.01.09"]
[Round "4"]
[White "Lalanne, Pablo"]
[Black "Sanchez, Fernando"]
[Result "1/2-1/2"]
[WhiteElo "2027"]
[BlackElo "2275"]
[PlyCount "44"]
[EventDate "2005.01.05"]
[EventType "swiss"]
[EventRounds "9"]
[EventCountry "ARG"]
[SourceTitle "CBM 104 Extra"]
[Source "ChessBase"]
[SourceDate "2005.03.01"]
[SourceVersion "1"]
[SourceVersionDate "2005.03.01"]
[SourceQuality "1"]

1. e4 d5 2. exd5 Qxd5 3. Nc3 Qa5 4. d4 Nf6 5. Nf3 Bf5 6. Bc4 e6 7. Ne5 Bb4 8. Bd2 Ne4 9. Nxe4 Bxe4 10. c3 Bd6 11. Qg4 Bg6 12. f4 Bxe5 13. fxe5 Nd7 14. a4 c5 15. b4 cxb4 16. cxb4 Qd8 17. 0-0 0-0 18. a5 Nxe5 19. dxe5 Qxd2 20. Kh1 Bf5 21. Qh4 Qxb4 22. Rxf5 Qc3 1/2-1/2

[Event "Villa Ballester de Invierno op 4th"]
[Site "Villa Ballester"]
[Date "2004.08.18"]
[Round "4"]
[White "Dickau, Daniel"]
[Black "Sanchez, Fernando"]
[Result "0-1"]
[WhiteElo "2161"]
[BlackElo "2275"]
[PlyCount "94"]
[EventDate "2004.08.13"]
[EventType "swiss"]
[EventRounds "7"]
[EventCountry "ARG"]
[SourceTitle "CBM 101 Extra"]
[Source "ChessBase"]
[SourceDate "2004.09.01"]
[SourceVersion "2"]
[SourceVersionDate "2004.09.01"]
[SourceQuality "1"]

1. Nf3 Nf6 2. d4 g6 3. g3 Bg7 4. Bg2 d6 5. c4 0-0 6. 0-0 c6 7. Nc3 Qa5 8. h3 e5 9. e4 Nbd7 10. Be3 exd4 11. Nxd4 Ne5 12. c5 Nc4 13. Nb3 Qd8 14. Bf4 d5 15. exd5 cxd5 16. Nxd5 Nxb2 17. Nxf6+ Qxf6 18. Qd6 Be6 19. Rab1 Rad8 20. Qc7 Rd7 21. Qa5 Bf5 22. Rbc1 Nd3 23. c6 bxc6 24. Rxc6 Qb2 25. Be3 Ne5 26. Rc5 Be6 27. Bc1 Qe2 28. Re1 Nf3+ 29. Bxf3 Qxf3 30. Nd2 Qd3 31. h4 Bd4 32. Ne4 Rfd8 33. Bg5 Rd5 34. Nf6+ Kg7 35. Rxe6 Qxg3+ 36. Kh1 Qh3+ 37. Kg1 Qg3+ 38. Kh1 Qf3+ 39. Kh2 Qxf2+ 40. Kh3 Qf3+ 41. Kh2 Rxg5 42. hxg5 Qf2+ 43. Kh3 Qf1+ 44. Kg3 Bf2+ 45. Kg4 Qg2+ 46. Kf4 Bg3+ 47. Kg4 Bc7+ 0-1

[Event "Villa Ballester op 54th"]
[Site "Villa Ballester"]
[Date "2004.01.18"]
[Round "9"]
[White "Sanchez, Fernando"]
[Black "Lemos, Damian"]
[Result "1/2-1/2"]
[WhiteElo "2240"]
[BlackElo "2218"]
[PlyCount "36"]
[EventDate "2004.01.07"]
[EventType "swiss"]
[EventRounds "9"]
[EventCountry "ARG"]
[SourceTitle "CBM 098 Extra"]
[Source "ChessBase"]
[SourceDate "2004.03.10"]
[SourceVersion "2"]
[SourceVersionDate "2004.03.10"]
[SourceQuality "1"]

1. d4 Nf6 2. c4 g6 3. Nc3 Bg7 4. e4 d6 5. f4 0-0 6. Nf3 c5 7. dxc5 Qa5 8. Bd3 Qxc5 9. Qe2 Nc6 10. Be3 Qa5 11. 0-0 Bg4 12. Rac1 Nd7 13. Qf2 Bxf3 14. gxf3 Rac8 15. Kh1 Nc5 16. Bb1 Ne6 17. Nd5 Rfe8 18. Rfd1 Nf8 1/2-1/2

[Event "Villa Ballester op 51st"]
[Site "Villa Ballester"]
[Date "2001.??.??"]
[Round "7"]
[White "Scarella, Enrique Alejandro"]
[Black "Sanchez, Fernando"]
[Result "1/2-1/2"]
[WhiteElo "2349"]
[BlackElo "2302"]
[PlyCount "50"]
[EventDate "2001.01.02"]
[EventType "swiss"]
[EventRounds "9"]
[EventCountry "ARG"]
[SourceTitle "CBM 080 Extra"]
[Source "ChessBase"]
[SourceDate "2001.03.08"]
[SourceVersion "1"]
[SourceVersionDate "2001.03.08"]
[SourceQuality "1"]

1. Nf3 Nf6 2. c4 g6 3. d4 Bg7 4. g3 d6 5. Bg2 0-0 6. Nc3 c6 7. e4 e5 8. 0-0 Nbd7 9. Qc2 Re8 10. Rd1 Qe7 11. b3 exd4 12. Nxd4 Nc5 13. f3 a5 14. Rb1 Nfd7 15. Bf4 Ne5 16. Rd2 a4 17. Rbd1 axb3 18. axb3 Qc7 19. Re2 Qa5 20. Be3 Na6 21. Na2 Bd7 22. h3 c5 23. Nb5 Bxb5 24. cxb5 Qxb5 25. Rxd6 Nc6 1/2-1/2

[Event "ARG-chT"]
[Site "Argentina"]
[Date "2000.06.11"]
[Round "7"]
[White "Albarran, Gustavo Eduardo"]
[Black "Sanchez, Fernando"]
[Result "1/2-1/2"]
[WhiteElo "2192"]
[BlackElo "2271"]
[PlyCount "55"]
[EventDate "2000.??.??"]
[EventType "team-tourn"]
[EventRounds "7"]
[EventCountry "ARG"]
[SourceTitle "EXT 2001"]
[Source "ChessBase"]
[SourceDate "2000.11.22"]
[SourceVersion "1"]
[SourceVersionDate "2000.11.22"]
[SourceQuality "1"]

1. d4 Nf6 2. c4 g6 3. Nc3 Bg7 4. e4 d6 5. f4 c5 6. d5 b5 7. cxb5 a6 8. a4 0-0 9. Nf3 axb5 10. Bxb5 Ba6 11. Bxa6 Nxa6 12. 0-0 Qb6 13. a5 Qb7 14. e5 Nd7 15. Qe2 Nc7 16. exd6 exd6 17. Qe7 Nxd5 18. Qxd6 N7f6 19. a6 Qb8 20. Qxb8 Rfxb8 21. Nxd5 Nxd5 22. Rd1 Nc7 23. a7 Rb7 24. Ra5 Ne6 25. Be3 Rbxa7 26. Rxa7 Rxa7 27. b4 Bf8 28. bxc5 1/2-1/2

[Event "Villa Ballester op 49th"]
[Site "Villa Ballester"]
[Date "1999.??.??"]
[Round "7"]
[White "Slipak, Sergio"]
[Black "Sanchez, Fernando"]
[Result "1-0"]
[WhiteElo "2521"]
[BlackElo "2233"]
[PlyCount "61"]
[EventDate "1999.01.??"]
[EventType "swiss"]
[EventRounds "9"]
[EventCountry "ARG"]
[SourceTitle "EXT 2002"]
[Source "ChessBase"]
[SourceDate "2001.11.25"]
[SourceVersion "1"]
[SourceVersionDate "2001.11.25"]
[SourceQuality "1"]

1. Nf3 Nf6 2. c4 g6 3. d4 Bg7 4. g3 d6 5. Nc3 0-0 6. Bg2 c6 7. e4 e5 8. 0-0 Nbd7 9. b3 Re8 10. h3 exd4 11. Nxd4 Nc5 12. Re1 a5 13. Bf4 Nh5 14. Be3 Ne6 15. Nde2 f5 16. exf5 gxf5 17. Qd2 Qc7 18. Rad1 Be5 19. f4 Bf6 20. g4 Nhg7 21. g5 Be7 22. Ng3 Rd8 23. h4 Bf8 24. h5 d5 25. cxd5 Nxg5 26. Qf2 Re8 27. fxg5 Rxe3 28. Qxe3 f4 29. d6 Bxd6 30. Qd4 Be7 31. h6 1-0